Statistics for Top 10 Europe Soccer League Champions Since 2010

Click here to take the quiz!

General Stats

  • This quiz has been taken 103 times
  • The average score is 31 of 41

Answer Stats

LeagueYear(s)Team% Correct
Russian Premier League2011?
100%
La Liga2010, 2011, 2013, 2015, 2016, 2018, 2019, 2023Barcelona
98%
Premier League2012, 2014, 2018, 2019, 2021, 2022, 2023Manchester City
98%
Premier League2011, 2013Manchester United
98%
La Liga2012, 2017, 2020, 2022Real Madrid
98%
Serie A2011, 2022AC Milan
97%
La Liga2014, 2021Atlético Madrid
97%
Bundesliga2010, 2013, 2014, 2015, 2016, 2017, 2018, 2019, 2020, 2021, 2022, 2023Bayern Munich
97%
Premier League2010, 2015, 2017Chelsea
97%
Premier League2020Liverpool
97%
Ligue 12013, 2014, 2015, 2016, 2018, 2019, 2020, 2022, 2023Paris Saint-Germain
97%
Serie A2010, 2021Inter Milan
96%
Serie A2012, 2013, 2014, 2015, 2016, 2017, 2018, 2019, 2020Juventus FC
96%
Liga Portugal2011,2012,2013,2018,2020,2022Porto
96%
Premier League2016Leicester City
94%
Bundesliga2011, 2012Borussia Dortmund
93%
Serie A2023SSC Napoli
93%
Liga Portugal2010,2014,2015,2016,2017,2019,2023Benfica
91%
Ligue 12011, 2021Lille OSC
87%
Süper Lig2012,2013,2015,2018,2019,2023Galatasaray
86%
Ligue 12017Monaco
86%
Ligue 12010Olympique Marseille
81%
Greek Super League2011, 2012, 2013, 2014, 2015, 2016, 2017, 2020, 2021, 2022Olympiacos
76%
Süper Lig2016,2017,2021Beşiktaş
73%
Russian Premier League2010,2012,2015,2019,2020,2021,2022,2023Zenit Saint Petersburg
73%
Süper Lig2011,2014Fenerbahçe
71%
Liga Portugal2021Sporting CP
69%
Greek Super League2018, 2023AEK Athens
68%
Russian Premier League2013,2014,2016CSKA Moscow
63%
Ligue 12012Montpellier HSC
62%
Czech Liga2010,2014,2023AC Sparta Prague
58%
Greek Super League2010Panathinaikos
57%
Russian Premier League2017Spartak Moscow
56%
Greek Super League2019PAOK
49%
Czech Liga2017,2019,2020,2021Slavia Prague
49%
Süper Lig2022Trabzonspor
47%
Russian Premier League2018Lokomotiv Moscow
43%
Süper Lig2020İstanbul Başakşehir
39%
Czech Liga2011,2013,2015,2016,2018,2022Viktoria Plzeň
39%
Süper Lig2010Bursaspor
23%
Czech Liga2012Slovan Liberec
8%

Score Distribution

Percentile by Number Answered

Percent of People with Each Score

Your Score History

You have not taken this quiz